[Event "Sochi Amateur op 6th"]
[Site "Sochi"]
[Date "2019.04.13"]
[Round "9"]
[White "Kabirayev, Serikbay"]
[Black "Spirin, Alexandr"]
[Result "1-0"]
[WhiteElo "1640"]
[BlackElo "1775"]
[PlyCount "63"]
[EventDate "2019.04.07"]
[EventType "swiss"]
[EventRounds "9"]
[EventCountry "RUS"]
[SourceTitle "CBM 189 Extra"]
[Source "ChessBase"]
[SourceDate "2019.06.03"]
[SourceVersion "1"]
[SourceVersionDate "2019.06.03"]
[SourceQuality "1"]

1. d4 Nf6 2. c4 e6 3. Nc3 d5 4. Bg5 Nbd7 5. e3 Be7 6. Bd3 0-0 7. Nge2 c6 8. Ng3 dxc4 9. Bxc4 Nd5 10. Bxe7 Qxe7 11. e4 Nf4 12. 0-0 Qg5 13. Nce2 e5 14. Nxf4 exf4 15. Qh5 Qe7 16. Nf5 Qb4 17. Qg5 g6 18. Bb3 a5 19. Nh6+ Kg7 20. Qxf4 f6 21. Ng4 g5 22. Qe3 h5 23. h4 hxg4 24. hxg5 Qe7 25. gxf6+ Qxf6 26. e5 Qh4 27. Qg3 Qh5 28. f3 Nb6 29. fxg4 Bxg4 30. Rf6 Nd5 31. Bxd5 cxd5 32. Raf1 1-0

[Event "Novokuznetsk-ch"]
[Site "Novokuznetsk"]
[Date "2014.11.30"]
[Round "5"]
[White "Stepikov, Pavel"]
[Black "Spirin, Alexandr"]
[Result "1/2-1/2"]
[WhiteElo "1695"]
[BlackElo "1961"]
[PlyCount "44"]
[EventDate "2014.11.16"]
[EventType "swiss"]
[EventRounds "9"]
[EventCountry "RUS"]
[SourceTitle "EXT 2016"]
[Source "ChessBase"]
[SourceDate "2015.10.08"]
[SourceVersion "1"]
[SourceVersionDate "2015.10.08"]
[SourceQuality "1"]

1. d4 Nf6 2. Bg5 d5 3. Bxf6 exf6 4. g3 Bd6 5. Bg2 c6 6. e3 0-0 7. Ne2 Re8 8. 0-0 Bf5 9. Nd2 Nd7 10. c4 Be4 11. Nxe4 dxe4 12. c5 Bc7 13. b4 f5 14. a4 Nf6 15. Nc3 a5 16. b5 Nd5 17. Qb3 Nb4 18. b6 Bb8 19. Na2 Nd3 20. Nc1 Nb4 21. Na2 Nd5 22. Nc3 Nb4 1/2-1/2

[Event "Novokuznetsk-ch"]
[Site "Novokuznetsk"]
[Date "2013.12.14"]
[Round "8"]
[White "Spirin, Alexandr"]
[Black "Trenkov, Ivan"]
[Result "0-1"]
[WhiteElo "1994"]
[BlackElo "1921"]
[PlyCount "58"]
[EventDate "2013.11.17"]
[EventType "swiss"]
[EventRounds "9"]
[EventCountry "RUS"]
[SourceTitle "EXT 2015"]
[Source "ChessBase"]
[SourceDate "2014.11.20"]
[SourceVersion "1"]
[SourceVersionDate "2014.11.20"]
[SourceQuality "1"]

1. Nf3 g6 2. d4 Bg7 3. c3 c6 4. g3 Nf6 5. Bg2 0-0 6. 0-0 d6 7. Bf4 Bf5 8. Nbd2 Nbd7 9. Re1 b5 10. h4 a6 11. e3 Bg4 12. e4 Qc7 13. Rc1 e5 14. Be3 Bh5 15. Qe2 Ng4 16. Nf1 Rfe8 17. c4 Nxe3 18. Nxe3 exd4 19. g4 dxe3 20. gxh5 exf2+ 21. Qxf2 Ne5 22. Nxe5 Bxe5 23. cxb5 axb5 24. a3 c5 25. Re2 Reb8 26. hxg6 fxg6 27. h5 Qg7 28. Kh1 Qh6 29. Rf1 Qxh5+ 0-1

[Event "Novokuznetsk Siberia-ch"]
[Site "Novokuznetsk"]
[Date "2013.03.22"]
[Round "2"]
[White "Spirin, Alexandr"]
[Black "Tugarin, Anton"]
[Result "0-1"]
[WhiteElo "1950"]
[BlackElo "2126"]
[PlyCount "124"]
[EventDate "2013.03.21"]
[EventType "swiss"]
[EventRounds "9"]
[EventCountry "RUS"]
[SourceTitle "CBM 153 Extra"]
[Source "ChessBase"]
[SourceDate "2013.04.22"]
[SourceVersion "1"]
[SourceVersionDate "2013.04.22"]
[SourceQuality "1"]

1. Nf3 d5 2. b3 c5 3. e3 Nf6 4. Bb2 e6 5. d4 Nc6 6. Nbd2 Be7 7. Bb5 Qc7 8. 0-0 0-0 9. Bxc6 Qxc6 10. Ne5 Qc7 11. f4 Ne4 12. Rf3 f6 13. Nd3 e5 14. Nxc5 Nxc5 15. dxc5 Bg4 16. fxe5 Bxf3 17. Nxf3 Qxc5 18. Bd4 Qc6 19. Qd3 f5 20. Rd1 a6 21. Bb2 Rab8 22. Nd4 Qc8 23. Rf1 g6 24. Ne2 Bg5 25. g3 Bh6 26. Nd4 Bg7 27. Nf3 Re8 28. Bd4 Qc6 29. c3 Qb5 30. Qd1 a5 31. a4 Qa6 32. Qd2 Rbc8 33. Rd1 Qc6 34. Qd3 Rb8 35. Ba7 Ra8 36. Bd4 b6 37. Rc1 Reb8 38. Kf2 b5 39. axb5 Qxb5 40. c4 dxc4 41. bxc4 Qc6 42. c5 Qd5 43. Ke2 Rc8 44. Qc4 Qxc4+ 45. Rxc4 a4 46. Rc2 a3 47. Ra2 Bf8 48. Kd3 Bxc5 49. Nd2 Kf7 50. Nc4 Ke6 51. h4 Ra4 52. Nd2 Bxd4 53. exd4 Kd5 54. Nf3 Rb8 55. Ra1 a2 56. e6 Rb3+ 57. Ke2 Rb2+ 58. Ke3 Kxe6 59. d5+ Kxd5 60. Rd1+ Kc5 61. Rc1+ Kb6 62. Ne5 Re4+ 0-1

[Event "Novokuznetsk-ch"]
[Site "Novokuznetsk"]
[Date "2011.??.??"]
[Round "2"]
[White "Chernov, Mikhail"]
[Black "Spirin, Alexandr"]
[Result "1-0"]
[WhiteElo "2141"]
[BlackElo "1929"]
[PlyCount "51"]
[EventDate "2011.11.19"]
[EventType "swiss"]
[EventRounds "9"]
[EventCountry "RUS"]
[SourceTitle "EXT 2013"]
[Source "ChessBase"]
[SourceDate "2012.11.22"]
[SourceVersion "1"]
[SourceVersionDate "2012.11.22"]
[SourceQuality "1"]

1. e4 Nc6 2. d4 e5 3. Nf3 exd4 4. Nxd4 Bc5 5. Nxc6 bxc6 6. Bd3 d6 7. 0-0 Ne7 8. Nc3 0-0 9. Bg5 Be6 10. Na4 Bd4 11. c3 Bf6 12. Bxf6 gxf6 13. Qh5 Qd7 14. f4 f5 15. Qg5+ Kh8 16. Qf6+ Kg8 17. Rf3 fxe4 18. Bxe4 Nf5 19. Bxf5 Bxf5 20. Rg3+ Bg6 21. f5 Rae8 22. Rf1 c5 23. b3 Qc6 24. h4 Qe4 25. h5 Qe2 26. h6 1-0